000 01120cam a22001814a 4500
005 20250605164030.0
008 250528s ||||||||||||||||||||||||d
035 _a16614
040 _aGR-AtMCL
_bgre
_dGR-AtMCL
_eAACR2
245 1 _aΠολιτική Οικονομία IV / Σημειώσεις
260 _bΠανεπιστήμιο Αθηνών. Τμήμα Οικονομικών Επιστημών,
_c1994
300 _a186
520 _aΕισαγωγή, Διαρθρωτικές και Νέο-Κλασσικές Ερμηνείες της Εξέλιξης, Από το Νέο-Κλασσικό στο Εξελικτικό Υπόδειγμα Οικονομικής Μεγέθυνσης, Ανάπτυξη και Διεθνής Αγορά και Ανταγωνιστικά Πλεονεκτήματα, Διεθνής Αγορά και Διεθνείς Άμεσες Επενδύσεις και η Διεθνοποίηση της Παραγωγής, Τεχνολογία και Ανάπτυξη, Βιβλιογραφία.
700 1 _aΓιαννίτσης Τ
_92699
942 _cBK
999 _c2093
_d2093